Environmental values (Record no. 42294)

MARC details
000 -LEADER
fixed length control field 00775nam a2200217 a 4500
008 - FIXED-LENGTH DATA ELEMENTS--GENERAL INFORMATION
fixed length control field 081223s2007 ||||||||||||||||| || u
020 ## - INTERNATIONAL STANDARD BOOK NUMBER
International Standard Book Number 0415145090
050 ## - LIBRARY OF CONGRESS CALL NUMBER
Classification number GE 42 One
100 ## - MAIN ENTRY--PERSONAL NAME
Personal name Holland, Allan
245 10 - TITLE STATEMENT
Title Environmental values
Statement of responsibility, etc. John O'Neill, Alan Holland and Andrew Light
260 ## - PUBLICATION, DISTRIBUTION, ETC.
Place of publication, distribution, etc. New York:
Name of publisher, distributor, etc. Routledge
Date of publication, distribution, etc. 2007
300 ## - PHYSICAL DESCRIPTION
Extent viii, 233p.
350 ## - PRICE (NR) (BK AM CF MU VM SE) [OBSOLETE]
Price 0.00
490 ## - SERIES STATEMENT
Series statement Routledge introductions to environment series
650 ## - SUBJECT ADDED ENTRY--TOPICAL TERM
Topical term or geographic name entry element ENVIRONMENT
650 ## - SUBJECT ADDED ENTRY--TOPICAL TERM
Topical term or geographic name entry element ENVIRONMENTAL ETHICS
650 #0 - SUBJECT ADDED ENTRY--TOPICAL TERM
Topical term or geographic name entry element ENVIRONMENTAL POLICY--MACEDONIA
700 ## - ADDED ENTRY--PERSONAL NAME
Personal name O'neill, John
700 ## - ADDED ENTRY--PERSONAL NAME
Personal name Light, Andrew
995 ## - RECOMMENDATION 995 [LOCAL, UNIMARC FRANCE]
-- 0.00
-- CBU-MAIN LIBRARY (Kitwe)
-- 1
-- 0.00
-- 1
-- AVAILABLE
-- Feb 17, 2009
-- Main Library Open Access Collection
Holdings
Withdrawn status Lost status Source of classification or shelving scheme Damaged status Not for loan Home library Current library Shelving location Date acquired Total Checkouts Full call number Barcode Date last seen Price effective from Koha item type
          CBU-MAIN LIBRARY, KITWE. CBU-MAIN LIBRARY, KITWE.   11/30/2022   GE 42 One 739554 11/30/2022 11/30/2022 MONOGRAPH